[Event "Golden Sands op-A"]
[Site "Golden Sands"]
[Date "2015.06.08"]
[Round "1"]
[White "Tate, Emory"]
[Black "Kadric, Denis"]
[Result "0-1"]
[WhiteElo "2259"]
[BlackElo "2495"]
[PlyCount "53"]
[EventDate "2015.06.08"]
[EventType "swiss"]
[EventRounds "9"]
[EventCountry "BUL"]
[SourceTitle "CBM 167 Extra"]
[Source "ChessBase"]
[SourceDate "2015.09.14"]
[SourceVersion "1"]
[SourceVersionDate "2015.09.14"]
[SourceQuality "1"]

1. c4 e5 2. Nc3 d6 3. e3 g6 4. d4 Nd7 5. Bd3 Bg7 6. Nge2 f5 7. f4 Ngf6 8. fxe5 dxe5 9. c5 0-0 10. b4 Kh8 11. 0-0 Re8 12. Bc4 a5 13. b5 c6 14. Qa4 Qc7 15. Qa3 Ng4 16. d5 e4 17. d6 Qd8 18. Nd4 Qh4 19. h3 Nge5 20. Be2 Nd3 21. Na4 Nxc1 22. Qxc1 Ne5 23. Nb6 Rb8 24. Qe1 Qd8 25. Qf2 Bd7 26. Rae1 Bh6 27. a4 0-1

[Event "Maastricht Limburg op-A 9th"]
[Site "Maastricht"]
[Date "2015.05.22"]
[Round "1"]
[White "Tate, Emory"]
[Black "Dambacher, Martijn"]
[Result "0-1"]
[WhiteElo "2256"]
[BlackElo "2483"]
[PlyCount "56"]
[EventDate "2015.05.22"]
[EventType "swiss"]
[EventRounds "7"]
[EventCountry "NED"]
[SourceTitle "CBM 166 Extra"]
[Source "ChessBase"]
[SourceDate "2015.06.18"]
[SourceVersion "1"]
[SourceVersionDate "2015.06.18"]
[SourceQuality "1"]

1. Nf3 d5 2. e3 e6 3. b3 f5 4. c4 Nf6 5. Be2 Bd6 6. 0-0 Qe7 7. Qc2 0-0 8. Nc3 c6 9. d3 Nbd7 10. e4 dxe4 11. dxe4 f4 12. a3 Ne5 13. b4 Nxf3+ 14. Bxf3 e5 15. c5 Bc7 16. Bb2 Be6 17. Rad1 Qf7 18. Qb1 g5 19. Be2 g4 20. Bd3 f3 21. g3 Rad8 22. Rd2 Rxd3 23. Rxd3 Qh5 24. Nd1 Qh3 25. Ne3 Nd5 26. Rxd5 cxd5 27. Qd3 d4 28. Bxd4 Rd8 0-1

[Event "Rotterdam Pathena op"]
[Site "Rotterdam"]
[Date "2015.05.03"]
[Round "2"]
[White "Tate, Emory"]
[Black "Kalkman, Rob"]
[Result "1-0"]
[WhiteElo "2300"]
[BlackElo "1873"]
[PlyCount "103"]
[EventDate "2015.05.02"]
[EventType "swiss"]
[EventRounds "7"]
[EventCountry "NED"]
[SourceTitle "CBM 166 Extra"]
[Source "ChessBase"]
[SourceDate "2015.06.18"]
[SourceVersion "1"]
[SourceVersionDate "2015.06.18"]
[SourceQuality "1"]

1. e4 Nf6 2. e5 Nd5 3. d4 d6 4. f4 dxe5 5. dxe5 Nc6 6. Bc4 Nb6 7. Qxd8+ Nxd8 8. Bd3 e6 9. Nf3 Bc5 10. Ng5 Nd5 11. a3 a5 12. Nxh7 Ne3 13. Ke2 Nf5 14. Bxf5 exf5 15. Ng5 Ne6 16. Be3 Nd4+ 17. Kd3 Nxc2 18. Bxc5 Nxa1 19. Nd2 b6 20. Bf2 Bb7 21. Rxa1 Rxh2 22. Ke3 Bxg2 23. Rc1 c5 24. Nc4 Rh1 25. Bg1 f6 26. Kf2 Bc6 27. exf6 gxf6 28. Re1+ Kf8 29. Re6 fxg5 30. Rxc6 Rh4 31. Rf6+ Kg7 32. Rxf5 gxf4 33. Nxb6 Rb8 34. Nc4 Rb5 35. Kf3 Rb3+ 36. Ke4 f3+ 37. Rf4 Rh1 38. Bxc5 Re1+ 39. Be3 Rb8 40. Rxf3 a4 41. Kd5 Kg8 42. Rg3+ Kh7 43. Kc5 Rb3 44. Bf2 Rxg3 45. Bxg3 Rg1 46. Be5 Re1 47. Bd4 Re8 48. Nb6 Kg6 49. Nxa4 Rc8+ 50. Kb5 Kf5 51. Nb6 Rd8 52. Bc5 1-0

[Event "North American op 24th"]
[Site "Las Vegas"]
[Date "2014.12.28"]
[Round "6"]
[White "Sinha, Sahil"]
[Black "Tate, Emory"]
[Result "1-0"]
[WhiteElo "2063"]
[BlackElo "2268"]
[PlyCount "63"]
[EventDate "2014.12.26"]
[EventType "swiss"]
[EventRounds "9"]
[EventCountry "USA"]
[SourceTitle "CBM 164 Extra"]
[Source "ChessBase"]
[SourceDate "2015.03.02"]
[SourceVersion "1"]
[SourceVersionDate "2015.03.02"]
[SourceQuality "1"]

1. d4 c5 2. d5 g6 3. c4 Bg7 4. e4 d6 5. Qc2 Na6 6. a3 f5 7. Nc3 Nf6 8. Bd3 fxe4 9. Nxe4 Nc7 10. Ne2 0-0 11. Nxf6+ exf6 12. 0-0 Bd7 13. Bf4 Be8 14. Nc3 f5 15. Rfe1 g5 16. Bd2 Bg6 17. Rab1 a5 18. Ne2 a4 19. f4 g4 20. Bc3 Bxc3 21. Nxc3 Qd7 22. g3 h5 23. Qd2 Qg7 24. Bc2 Be8 25. Bd3 h4 26. Kg2 Qh6 27. Rh1 h3+ 28. Kf2 Qf6 29. Rhe1 Bf7 30. Bc2 b5 31. Nxb5 Nxb5 32. cxb5 1-0

[Event "Philadelphia op"]
[Site "Philadelphia"]
[Date "2010.04.03"]
[Round "7"]
[White "Tate, Emory"]
[Black "Friedel, Joshua E"]
[Result "1/2-1/2"]
[WhiteElo "2326"]
[BlackElo "2543"]
[PlyCount "80"]
[EventDate "2010.03.31"]
[EventType "swiss"]
[EventRounds "9"]
[EventCountry "USA"]
[SourceTitle "CBM 135 Extra"]
[Source "ChessBase"]
[SourceDate "2010.05.04"]
[SourceVersion "1"]
[SourceVersionDate "2010.05.04"]
[SourceQuality "1"]

1. e4 e5 2. Nf3 Nc6 3. Bb5 a6 4. Bxc6 dxc6 5. Qe2 f6 6. d3 Bd6 7. Nc3 c5 8. Nd2 Ne7 9. Nc4 0-0 10. 0-0 Be6 11. Nxd6 cxd6 12. f4 b5 13. f5 Bc8 14. Nd5 Bb7 15. Nxe7+ Qxe7 16. c4 bxc4 17. dxc4 Bc6 18. Re1 Kh8 19. Bd2 Rg8 20. Kf2 g6 21. g4 gxf5 22. gxf5 Qg7 23. Rg1 Qb7 24. Qd3 Bxe4 25. Qxd6 Qf7 26. Qe6 Qxe6 27. fxe6 Rae8 28. Be3 Rxe6 29. Bxc5 f5 30. Rad1 Rge8 31. Bd6 Rg6 32. b4 Kg7 33. a4 Kf6 34. Rxg6+ hxg6 35. b5 Bc2 36. Ra1 Bd3 37. Rc1 Ke6 38. Bc7 Kd7 39. Bxe5 axb5 40. axb5 Bxc4 1/2-1/2

[Event "Maastricht Limburg op 3rd"]
[Site "Maastricht"]
[Date "2009.06.01"]
[Round "6"]
[White "Ducarmon, Quinten"]
[Black "Tate, Emory"]
[Result "1/2-1/2"]
[WhiteElo "2153"]
[BlackElo "2325"]
[PlyCount "94"]
[EventDate "2009.05.29"]
[EventType "swiss"]
[EventRounds "7"]
[EventCountry "NED"]
[SourceTitle "CBM 130 Extra"]
[Source "ChessBase"]
[SourceDate "2009.07.02"]
[SourceVersion "2"]
[SourceVersionDate "2009.07.15"]
[SourceQuality "1"]

1. e4 c5 2. Nf3 e6 3. d4 cxd4 4. Nxd4 Nf6 5. Nc3 Bb4 6. e5 Nd5 7. Bd2 Bxc3 8. bxc3 0-0 9. c4 Qh4 10. Nf3 Qe4+ 11. Qe2 Qxe2+ 12. Bxe2 Ne7 13. Bb4 Nbc6 14. Bd6 f6 15. 0-0 Rf7 16. Bd3 b6 17. c5 bxc5 18. Bxc5 fxe5 19. Ng5 Rf4 20. Bxh7+ Kh8 21. Bd3 d5 22. g3 Rf6 23. Rab1 e4 24. Bb5 Rb8 25. Ba4 Rxb1 26. Rxb1 Kg8 27. Bxe7 Nxe7 28. Rb8 Rf8 29. Ra8 a6 30. c3 Ng6 31. c4 dxc4 32. Nxe4 Bb7 33. Rxf8+ Kxf8 34. Nc5 Bc8 35. f4 Ke7 36. Kf2 Kd6 37. Ne4+ Kd5 38. Ke3 e5 39. Nc3+ Kc5 40. a3 exf4+ 41. gxf4 Bf5 42. Be8 Ne7 43. Na4+ Kd6 44. Bf7 Nd5+ 45. Bxd5 Kxd5 46. Nb6+ Kc5 47. Na4+ Kd5 1/2-1/2

[Event "Maastricht Limburg op 3rd"]
[Site "Maastricht"]
[Date "2009.05.31"]
[Round "4"]
[White "Larmuseau, Maarten"]
[Black "Tate, Emory"]
[Result "1-0"]
[WhiteElo "2069"]
[BlackElo "2325"]
[PlyCount "87"]
[EventDate "2009.05.29"]
[EventType "swiss"]
[EventRounds "7"]
[EventCountry "NED"]
[SourceTitle "CBM 130 Extra"]
[Source "ChessBase"]
[SourceDate "2009.07.02"]
[SourceVersion "2"]
[SourceVersionDate "2009.07.15"]
[SourceQuality "1"]

1. e4 c5 2. Nc3 g6 3. f4 Bg7 4. Nf3 b6 5. Bc4 Ba6 6. Bxa6 Nxa6 7. d3 Nh6 8. 0-0 f5 9. e5 0-0 10. Qe2 d5 11. d4 c4 12. b3 Rc8 13. Bb2 Nb8 14. Rfd1 Qd7 15. e6 Qb7 16. h3 b5 17. Ne5 Rfd8 18. Qf3 b4 19. Na4 Qb5 20. Nc5 Nc6 21. Ncd7 Nb8 22. a4 Qa6 23. Nc5 Qd6 24. Nb7 Qxe6 25. Nxd8 Rxd8 26. bxc4 dxc4 27. d5 Qa6 28. Bd4 c3 29. Kh1 Bxe5 30. fxe5 e6 31. dxe6 Qxe6 32. Bxa7 Rc8 33. Bxb8 Rxb8 34. Qd5 Kf7 35. a5 Qxd5 36. Rxd5 Ke6 37. Rc5 f4 38. a6 Nf7 39. a7 Ra8 40. Ra6+ Kd7 41. e6+ Kd8 42. Rd5+ Kc7 43. Rd7+ Kc8 44. Rc6# 1-0

[Event "Maastricht Limburg op 3rd"]
[Site "Maastricht"]
[Date "2009.05.30"]
[Round "2"]
[White "Tate, Emory"]
[Black "Sundararajan, Kidambi"]
[Result "0-1"]
[WhiteElo "2325"]
[BlackElo "2487"]
[PlyCount "46"]
[EventDate "2009.05.29"]
[EventType "swiss"]
[EventRounds "7"]
[EventCountry "NED"]
[SourceTitle "CBM 130 Extra"]
[Source "ChessBase"]
[SourceDate "2009.07.02"]
[SourceVersion "2"]
[SourceVersionDate "2009.07.15"]
[SourceQuality "1"]

1. d4 d5 2. Nf3 Nf6 3. Bg5 Ne4 4. Bf4 c5 5. e3 Qb6 6. Qc1 Nc6 7. c3 Bg4 8. Nbd2 Nxd2 9. Nxd2 Rc8 10. Qb1 g6 11. Bd3 Bg7 12. h3 Bd7 13. Nf3 0-0 14. 0-0 Rfe8 15. Rd1 e5 16. dxe5 Nxe5 17. Bxe5 Bxe5 18. e4 Bc6 19. exd5 Bxd5 20. Nxe5 Rxe5 21. c4 Bc6 22. Qc2 Rce8 23. Qc3 Bxg2 0-1

[Event "Foxwoods op"]
[Site "Ledyard"]
[Date "2009.04.09"]
[Round "3"]
[White "Vaja, Ashish"]
[Black "Tate, Emory"]
[Result "1-0"]
[WhiteElo "2195"]
[BlackElo "2325"]
[PlyCount "73"]
[EventDate "2009.04.08"]
[EventType "swiss"]
[EventRounds "9"]
[EventCountry "USA"]
[SourceTitle "CBM 129 Extra"]
[Source "ChessBase"]
[SourceDate "2009.05.05"]
[SourceVersion "2"]
[SourceVersionDate "2009.05.20"]
[SourceQuality "1"]

1. e4 e6 2. d4 d5 3. Nc3 Bb4 4. e5 f5 5. Nge2 Ne7 6. a3 Bxc3+ 7. bxc3 Ng6 8. h4 h6 9. h5 Ne7 10. Rh3 c5 11. Rg3 Rg8 12. Nf4 Qa5 13. Bd2 c4 14. Rh3 Nbc6 15. Be2 Bd7 16. g4 0-0-0 17. Rg3 Rdf8 18. g5 hxg5 19. Rxg5 Nd8 20. Qb1 Nf7 21. Rg3 Re8 22. Qb4 Qc7 23. 0-0-0 Nc6 24. Qb2 Nh8 25. Rdg1 Nxe5 26. dxe5 Qxe5 27. Bf3 Nf7 28. Rg6 Nh8 29. R6g3 Nf7 30. Qb4 Qc7 31. Rxg7 a5 32. Qb2 Rxg7 33. Rxg7 Ne5 34. Be2 Qd8 35. h6 Qh4 36. Qb6 Qxh6 37. Nh5 1-0

[Event "Skokie North Am 17th"]
[Site "Skokie"]
[Date "2008.11.20"]
[Round "9"]
[White "Tate, Emory"]
[Black "Young, Angelo"]
[Result "0-1"]
[WhiteElo "2339"]
[BlackElo "2358"]
[PlyCount "54"]
[EventDate "2008.11.15"]
[EventType "tourn"]
[EventRounds "9"]
[EventCountry "USA"]
[EventCategory "2"]
[SourceTitle "CBM 127 Extra"]
[Source "ChessBase"]
[SourceDate "2009.01.08"]
[SourceVersion "2"]
[SourceVersionDate "2009.01.28"]
[SourceQuality "1"]

1. e4 e6 2. d4 d5 3. e5 c5 4. b4 cxd4 5. a3 a5 6. b5 Nd7 7. f4 Nh6 8. Nf3 Nf5 9. Bd3 Ne3 10. Qe2 Qb6 11. Bb2 Bc5 12. a4 f6 13. Nbd2 fxe5 14. Nxe5 Nxe5 15. fxe5 0-0 16. Nf3 Bd7 17. Kf2 Be8 18. h3 Qc7 19. Kg1 Bh5 20. g4 Rxf3 21. Qxf3 Qxe5 22. Re1 Bg6 23. Rh2 Rf8 24. Rxe3 Qxe3+ 25. Qxe3 dxe3 26. Re2 Bxd3 27. cxd3 d4 0-1

[Event "USA tt"]
[Site "ICC INT"]
[Date "2008.10.22"]
[Round "9"]
[White "Tate, Emory"]
[Black "Rensch, Daniel"]
[Result "1-0"]
[WhiteElo "2377"]
[BlackElo "2354"]
[PlyCount "147"]
[EventDate "2008.10.22"]
[EventType "team"]
[EventRounds "10"]
[EventCountry "USA"]
[SourceTitle "CBM 126 Extra"]
[Source "ChessBase"]
[SourceDate "2008.11.05"]
[SourceVersion "1"]
[SourceVersionDate "2008.11.05"]
[SourceQuality "1"]

1. e4 c5 2. Nf3 d6 3. d4 cxd4 4. Nxd4 Nf6 5. f3 a6 6. c4 e6 7. Nc3 Be7 8. Be2 0-0 9. Be3 b6 10. 0-0 Bb7 11. Qe1 Nbd7 12. Qf2 Qc7 13. Rfc1 Rac8 14. a4 Bd8 15. a5 bxa5 16. Nb3 Rb8 17. Nxa5 Bc8 18. Bf1 Nc5 19. Ra3 Nfd7 20. Na2 f5 21. exf5 Rxf5 22. b4 Ne4 23. Qe1 Nef6 24. Bd4 Ne5 25. Re3 Nf7 26. Bd3 Rf4 27. Ba1 Ne5 28. Rxe5 dxe5 29. Bxe5 Qa7+ 30. c5 Bxa5 31. Bxf4 Bc7 32. Bg5 Bd8 33. Rd1 Be7 34. Bc4 Bxc5+ 35. bxc5 Qxc5+ 36. Kh1 Qxg5 37. Rd8+ Kf7 38. Rxc8 Rb2 39. Qxe6+ Kg6 40. Bd3+ Kh6 41. Qh3+ Nh5 42. g4 Rxa2 43. Qxh5+ Qxh5 44. gxh5 a5 45. Rh8 Kxh5 46. Rxh7+ Kg5 47. Rxg7+ Kf4 48. Rf7+ Ke3 49. Bb5 a4 50. Bxa4 Rxa4 51. Kg2 Ra8 52. h4 Rh8 53. Kg3 Rg8+ 54. Kh3 Rh8 55. Rf5 Kf2 56. Kg4 Ke3 57. Re5+ Kd4 58. Re4+ Kd5 59. h5 Rg8+ 60. Kh4 Rf8 61. Re3 Kd4 62. Re4+ Kd5 63. h6 Rxf3 64. Rg4 Rf7 65. Kg5 Ke6 66. Re4+ Kd5 67. Kg6 Ra7 68. Re8 Ra6+ 69. Kg7 Ra7+ 70. Kg8 Ra1 71. h7 Rg1+ 72. Kf7 Rf1+ 73. Ke7 Re1+ 74. Kd7 1-0

[Event "World op 36th"]
[Site "Philadelphia"]
[Date "2008.07.03"]
[Round "3"]
[White "Stocek, Jiri"]
[Black "Tate, Emory"]
[Result "1-0"]
[WhiteElo "2559"]
[BlackElo "2377"]
[PlyCount "87"]
[EventDate "2008.07.02"]
[EventType "swiss"]
[EventRounds "9"]
[EventCountry "USA"]
[SourceTitle "CBM 125 Extra"]
[Source "ChessBase"]
[SourceDate "2008.09.01"]
[SourceVersion "1"]
[SourceVersionDate "2008.09.01"]
[SourceQuality "1"]

1. d4 c5 2. d5 e5 3. e4 d6 4. Nf3 g6 5. Nbd2 Nf6 6. a4 Bh6 7. Bb5+ Kf8 8. h3 Kg7 9. Bd3 Re8 10. 0-0 Nh5 11. Re1 a6 12. Bf1 Nd7 13. Ra3 Nhf6 14. a5 Qc7 15. Nc4 Bxc1 16. Qxc1 b5 17. axb6 Nxb6 18. Na5 Bd7 19. Qe3 Bb5 20. Nd2 Reb8 21. Rea1 Nh5 22. Bxb5 axb5 23. Nc6 Rxa3 24. Rxa3 Rb7 25. b3 f5 26. c4 f4 27. Qe2 bxc4 28. bxc4 Nf6 29. Nf3 h6 30. Rb3 g5 31. Nh2 h5 32. Nf3 Kh6 33. Qb2 Ne8 34. Qb1 Nf6 35. h4 gxh4 36. Nxh4 Kg7 37. Nf5+ Kf8 38. f3 Ne8 39. Kf2 Ng7 40. Nfe7 Ke8 41. Rb5 h4 42. Ng6 Kd7 43. Nxh4 Kc8 44. Ng6 1-0

[Event "Chicago North Am 12th"]
[Site "Chicago"]
[Date "2008.06.23"]
[Round "5"]
[White "Tate, Emory"]
[Black "Dean, Jim H"]
[Result "1-0"]
[WhiteElo "2378"]
[BlackElo "2248"]
[PlyCount "131"]
[EventDate "2008.06.21"]
[EventType "tourn"]
[EventRounds "9"]
[EventCountry "USA"]
[EventCategory "3"]
[SourceTitle "CBM 125 Extra"]
[Source "ChessBase"]
[SourceDate "2008.09.01"]
[SourceVersion "1"]
[SourceVersionDate "2008.09.01"]
[SourceQuality "1"]

1. Nf3 d5 2. e3 Nf6 3. c4 e6 4. b3 Be7 5. Bb2 0-0 6. Nc3 c5 7. d4 Nc6 8. Be2 cxd4 9. exd4 b6 10. Ne5 Bb7 11. Bf3 Na5 12. 0-0 Rc8 13. Qe2 dxc4 14. Bxb7 Nxb7 15. bxc4 Nd6 16. Rfd1 Nd7 17. a4 Qe8 18. c5 Nf5 19. Nb5 Nxe5 20. dxe5 Bxc5 21. Nxa7 Ra8 22. Nb5 Qe7 23. Nd6 Nxd6 24. exd6 Bxd6 25. Bxg7 Bxh2+ 26. Kxh2 Qh4+ 27. Kg1 Kxg7 28. Qb2+ Qf6 29. Qxb6 Rfb8 30. Qd4 Qxd4 31. Rxd4 Ra5 32. Rg4+ Kf6 33. Ra3 h5 34. Rf4+ Ke7 35. Rc3 Rb7 36. Kf1 Re5 37. g3 Ra7 38. Rfc4 Rea5 39. Rc7+ Kd6 40. Rxa7 Rxa7 41. Rc4 Rb7 42. Rd4+ Ke7 43. Rd1 Ra7 44. Ra1 Kd6 45. a5 Kc5 46. Kg2 Kb5 47. Kh3 Ka6 48. Kh4 Rc7 49. Kxh5 Rc2 50. f4 Rc3 51. g4 Rf3 52. Kg5 Rg3 53. Kf6 Rxg4 54. Rf1 Rg2 55. Re1 Rf2 56. Re4 e5 57. Kxe5 Kxa5 58. Kf6 Kb5 59. Kxf7 Kc5 60. Kf6 Kd5 61. Re5+ Kd6 62. f5 Rh2 63. Re1 Kd7 64. Kf7 Rh7+ 65. Kg6 Rh2 66. f6 1-0

[Event "Chicago op 17th"]
[Site "Chicago"]
[Date "2008.05.25"]
[Round "4"]
[White "Tate, Emory"]
[Black "Gurevich, Dmitry"]
[Result "1/2-1/2"]
[WhiteElo "2378"]
[BlackElo "2513"]
[PlyCount "35"]
[EventDate "2008.05.23"]
[EventType "swiss"]
[EventRounds "7"]
[EventCountry "USA"]
[SourceTitle "CBM 124 Extra"]
[Source "ChessBase"]
[SourceDate "2008.07.03"]
[SourceVersion "1"]
[SourceVersionDate "2008.07.03"]
[SourceQuality "1"]

1. e4 c5 2. Nc3 e6 3. f4 d5 4. Bb5+ Bd7 5. Bxd7+ Qxd7 6. exd5 exd5 7. Qe2+ Be7 8. Nf3 Nc6 9. 0-0 f6 10. d4 cxd4 11. Nb5 Nh6 12. Nbxd4 Nf5 13. Nxf5 Qxf5 14. Rd1 0-0 15. Qd3 Qxd3 16. Rxd3 Nb4 17. Rd2 Bc5+ 18. Kf1 1/2-1/2